000 00762nam a2200205 i 4500
001 64194
003 ES-MaACL
005 20230906165051.0
007 t|
008 031222s1964 sp ||||1| spa d
100 1 _aFleury, Pierre.
_9154055
245 1 0 _aElectrostática
_b: corrientes continuas, magnetismo /
_cpor P. Fleury... J.P. Mathieu... ;[traducida por José Maria Fernandez Arin].
260 _aMadrid :
_bParaninfo,
_c1964.
300 _a629 p. :
_bil. ;
_c21 cm.
594 _aPrecede al tít.: Física general y experimental según el tratado de J. Lemoine y A. Blanc.
650 4 _aElectrostática.
_9154058
700 1 _aMathieu, Jean Paul.
_9154057
700 0 _aFernández Arin, José María.
_949479
852 _aES-MaACL
_jC-26008
_bR.54965
999 _c64194
_d64194